James and the giant peached (Record no. 736278)
[ view plain ]
| 000 -LEADER | |
|---|---|
| fixed length control field | 00553nam a2200181Ia 4500 |
| 005 - DATE AND TIME OF LATEST TRANSACTION | |
| control field | 20240629092954.0 |
| 008 - FIXED-LENGTH DATA ELEMENTS--GENERAL INFORMATION | |
| fixed length control field | 221021s9999 xx 000 0 eng d |
| 020 ## - INTERNATIONAL STANDARD BOOK NUMBER | |
| International Standard Book Number | <a href="9780141349985">9780141349985</a> |
| Qualifying information | (pbk) |
| 040 ## - CATALOGING SOURCE | |
| Original cataloging agency | RDA |
| Transcribing agency | 3228 |
| 082 ## - DEWEY DECIMAL CLASSIFICATION NUMBER | |
| -- | 23 |
| Classification number | EJF DAHL |
| 942 ## - ADDED ENTRY ELEMENTS | |
| Creator ID | 561 |
| Creator Name | John Tresidder |
| Modifier ID | 375 |
| Modifier Name | Rosinah Mosako |
| 100 ## - MAIN ENTRY--PERSONAL NAME | |
| Personal name | Dahl,Roald |
| Dates associated with a name | 1916-1990 |
| 245 #0 - TITLE STATEMENT | |
| Title | James and the giant peached |
| Statement of responsibility, etc. | Roald Dahl |
| 260 ## - PUBLICATION, DISTRIBUTION, ETC. | |
| Place of publication, distribution, etc. | London : |
| Name of publisher, distributor, etc. | Puffin books, |
| Date of publication, distribution, etc. | 2013 |
| 300 ## - PHYSICAL DESCRIPTION | |
| Extent | 148 pages: |
| Other physical details | illustration, |
| Dimensions | 20 cm |
| 650 ## - SUBJECT ADDED ENTRY--TOPICAL TERM | |
| Topical term or geographic name entry element | Children's stories |
| 9 (RLIN) | 131713 |
| 942 ## - ADDED ENTRY ELEMENTS | |
| item type | Books |
| Source of classification or shelving scheme | Dewey Decimal Classification |
| Withdrawn status | Lost status | Source of classification or shelving scheme | Damaged status | Not for loan | Home library | Current library | Shelving location | Date acquired | Cost, normal purchase price | Full call number | Barcode | Date last seen | Price effective from | item type | Total Checkouts |
|---|---|---|---|---|---|---|---|---|---|---|---|---|---|---|---|
| Dewey Decimal Classification | Evander | Evander | Children's Area | 21.10.2022 | 166.00 | EJF DAHL | 33228013938749 | 21.10.2022 | 21.10.2022 | Books | |||||
| Dewey Decimal Classification | Thistle Grove | Thistle Grove | General Stacks | 29.06.2024 | 166.00 | EJF DAHL | 33228016642397 | 29.06.2024 | 29.06.2024 | Books |